Chemical processes in marine environments
Αποθηκεύτηκε σε:
| Συγγραφή απο Οργανισμό/Αρχή: | |
|---|---|
| Άλλοι συγγραφείς: | , , |
| Μορφή: | Πρακτικό Συνεδρίου Βιβλίο |
| Γλώσσα: | English |
| Δημοσίευση: |
Berlin :
Springer,
c2000
|
| Σειρά: | Environmental science (Berlin, Germany)
|
| Θέματα: | |
| Ετικέτες: |
Προσθήκη ετικέτας
Δεν υπάρχουν, Καταχωρήστε ετικέτα πρώτοι!
|
MARC
| LEADER | 00000nam a2200000 i 4500 | ||
|---|---|---|---|
| 001 | 1/92044 | ||
| 008 | 080819s2000 eng d | ||
| 020 | |a 3-540-66618-4 | ||
| 035 | |l 10099455 | ||
| 040 | |a GR-MY-UA |b gre |e aacr | ||
| 041 | 0 | |a eng | |
| 082 | 0 | |a 551.4601 |2 (22) | |
| 245 | 1 | 0 | |a Chemical processes in marine environments / |c Antonio Gianguzza, Ezio Pelizzetti, Silvio Sammartano (eds.) |
| 260 | |a Berlin : |b Springer, |c c2000 | ||
| 300 | |a xviii, 441 σ.; |b εικ.; |c 24 εκ. | ||
| 490 | 1 | |a Environmental science |x 1431-6250 | |
| 504 | |a Περιέχει βιβλιογραφικές παραπομπές και ευρετήριο | ||
| 650 | 0 | 0 | |a Chemical oceanography |x Congresses. |
| 650 | 0 | 0 | |a Environmental chemistry |x Congresses. |
| 700 | 1 | |a Gianguzza, Antonio. |4 edt | |
| 700 | 1 | |a Pelizzetti, Ezio |d 1944- |4 edt | |
| 700 | 1 | |a Sammartano, Silvio. |4 edt | |
| 711 | 2 | |a International School on Marine Chemistry |n (2nd: |d 1998: |c Palermo, Italy) | |
| 830 | 0 | |a Environmental science (Berlin, Germany) |x 1431-6250 | |
| 852 | |a INST |b LESVOS |e 20080819 |h 551.4601 CHE |p 005100041995 |q 005100041995 |t BK |y 0 | ||
| 901 | |a BIBL1-2008-2 | ||
| 909 | |a Λ |b 143521 | ||
| 922 | |a 1ΕΛΗ |b 200712 |c ΕΠΕΑΕΚ2/ΤΕΘ |d ΕΛΕΥΘΕΡΟΥΔΑΚΗΣ | ||
| 970 | |a ΚΑΡΑ |b ΓΙΑΣΕΜΗ |z 2008/08/19 | ||